| 000 | 00815cab a22002295a 4500 | ||
|---|---|---|---|
| 001 | L158231 | ||
| 008 | 121219e2014 xxk 000 0 eng d | ||
| 035 | _a(Sirsi) u158231 | ||
| 041 | 0 | _aeng | |
| 100 | 1 | _aLey, Anthony | |
| 245 | 0 | 0 | _aClearing the air |
| 260 | _c2014 | ||
| 490 |
_aRICS Building Control _vNovember-December 2014, 20-21(2) |
||
| 520 | _aThe history of building control regulations in the quest to eradicate the sources of disease. | ||
| 650 | 2 | 4 | _aHOUSING AND TOWN PLANNING ACT 1909 |
| 650 | 2 | 4 | _aBUILDING REGULATIONS 1966 |
| 650 | 2 | 4 | _aBUILDING REGULATIONS 1985 |
| 651 | 4 |
_aUnited Kingdom _y |
|
| 690 |
_aBuilding control _96222 |
||
| 856 | 4 | 8 |
_uhttps://www.rics.org/uk/knowledge/journals/building-control-journal _zView the journal free of charge at www.rics.org/journals... |
| 942 | _n0 | ||
| 999 |
_c84535 _d84535 |
||